00346nam a2200145Ia 45000030006000000080041000060400015000471000032000622450052000942500010001462600009001563000006001655460012001710050017001830STCL150530s9999 xx 000 0 und d aSTCLcSTCL aRenwick, W.L.; Orton Harold aBeginnings of english literatre to Skelton 1509 aFirst c1952 a0 aEnglish20220125170824.0